| 000 | 01099nam a22002777a 4500 | ||
|---|---|---|---|
| 005 | 20240530110358.0 | ||
| 008 | 150106s2009 ua o f b 000 0 ara d | ||
| 017 |
_a2009/16987 _bمصر . دار الكتب المصرية |
||
| 020 | _a9771775499 | ||
| 040 | _aEG-CaGPL | ||
| 041 | 0 | _aara | |
| 082 | 0 | 4 |
_221 _a591.5\ _bس م |
| 100 | 0 | _aسمير حسن الخشاب | |
| 245 | 1 | 2 |
_aالمظاهرات السلوكية فى الحيوانات المزرعية = _bbehavioural patterns in farm animals / _cتاليف سمير حسن الخشاب |
| 260 |
_aالقاهرة : _bالمؤلف ، _c2009 |
||
| 300 |
_a317 ص : _bصور ؛ _c24 سم |
||
| 504 | _aيشتمل على ارجاعات ببليوجرافية | ||
| 650 | 0 | 4 | _aمزارع الحيوانات |
| 650 | 0 | 4 |
_aالحيوانات _xالعادات و السلوك |
| 650 | 0 | 4 | _aصراع الحيوانات |
| 650 | 0 | 4 |
_aالحيوانات _xالحماية الذاتية |
| 650 | 0 | 4 |
_aالحيوانات _xاتصالات |
| 650 | 0 | 4 | _aصحة الحيوان |
| 942 |
_2ddc _cBK |
||
| 999 |
_c60202 _d60202 |
||